000 00624nam a2200181Ia 4500
008 151202s9999||||xx |||||||||||||| ||und||
082 _bPNVM-48866
100 _aलिमये मनीषा.
245 _aप्रयत्न शिल्प.
260 _b"लिमये कुल विश्वस्त निध्ी करिता,पुणे."
260 _c0
300 _a52
600 _aलिमये मनीषा.
630 _aप्रयत्न शिल्प.
700 _aलिमये मनीषा.
730 _aप्रयत्न शिल्प.
942 _cBOOK
999 _c1314803
_d1314800